Hát ví ở Bắc Giang
Gồm 23 bài hát ví ở Bắc Giang như bài Mời trầu, Vương tơ, Sông Thương, Trăng, hồi xuân, họa quạt, họa giường, họa trợ, trách...
Gardado en:
| Autor Principal: | |
|---|---|
| Outros autores: | |
| Formato: | Libro |
| Idioma: | Vietnamese |
| Publicado: |
H.
Thời đại
2014
|
| Những chủ đề: | |
| Các nhãn: |
Engadir etiqueta
Sen Etiquetas, Sexa o primeiro en etiquetar este rexistro!
|
| Thư viện lưu trữ: | Mạng thư viện Đại học Đà Nẵng |
|---|
| LEADER | 01524aam a22004338a 4500 | ||
|---|---|---|---|
| 001 | 000020595 | ||
| 003 | 17041 | ||
| 005 | 20150330090308.0 | ||
| 008 | 150324s2014 viesd | ||
| 020 | |d 502b | ||
| 041 | |a vie | ||
| 082 | 1 | 4 | |2 14 |a 781.6295922 |b DƯ-C |
| 084 | |a V3(1)-63 | ||
| 084 | |b H000V | ||
| 100 | 1 | |a Dương Văn Cầu | |
| 245 | 1 | 0 | |a Hát ví ở Bắc Giang |c Dương Văn Cầu, Ngô Đạt |
| 260 | |a H. |b Thời đại |c 2014 | ||
| 300 | |a 139 tr. |c 21 cm. | ||
| 504 | |a Thư mục tr.139 | ||
| 520 | |a Gồm 23 bài hát ví ở Bắc Giang như bài Mời trầu, Vương tơ, Sông Thương, Trăng, hồi xuân, họa quạt, họa giường, họa trợ, trách... | ||
| 650 | 0 | 4 | |2 Bộ TK TVQG |a Hát ví |x Văn hóa dân gian |z Bắc Giang |
| 651 | 7 | |2 Bộ TK TVQG |a Việt Nam | |
| 651 | 7 | |2 Bộ TK TVQG |a Bắc Giang | |
| 653 | |a Hát ví | ||
| 653 | |a Văn hóa dân gian | ||
| 653 | |a Âm nhạc dân gian | ||
| 655 | 7 | |2 Bộ TK TVQG |a Dân ca | |
| 655 | 7 | |2 Bộ TK TVQG |a Hát ví | |
| 700 | 1 | |a Ngô Đạt | |
| OWN | |a LSP | ||
| AVA | |a UDN50 |b LSP |d 781.6295922 DƯ-C |e available |t Error 5001 Not defined in file expand_doc_bib_avail. |f 1 |g 0 |h N |i 0 |k 1 | ||
| 999 | |a From the UDN01 | ||
| AVA | |a UDN50 |b LSP |d 781.6295922 DƯ-C |e available |t Error 5001 Not defined in file expand_doc_bib_avail. |f 1 |g 0 |h N |i 0 |k 1 | ||
| TYP | |a Monograph | ||
| TYP | |a Printed language | ||
| 980 | |a Mạng thư viện Đại học Đà Nẵng | ||